000 00718cab a2200253 4500
001 WB3333-33
008 090401t1997 xxu||||| |||| 00| 0 eng d
035 _a(Sirsi) u80332
041 _aeng
245 _aRepossession fears
260 _c1997
350 _a0
490 _aGuardian
_v16 August 1997, 6(1)
520 _aA report by the Chartered Institute of Housing warns that the continuing rise in interest rates could spark a new repossession crisis.
650 _aCIH
650 _aCOUNCIL OF MORTGAGE LENDERS
650 _aINTEREST RATES
650 _aMORTGAGE ARREARS
650 _aMORTGAGE RATES
650 _aREPOSSESSION
690 _aHOUSING-FINANCE
942 _n0
948 _c19/08/1997
999 _c50592
_d50592